| 000 | 00903 a2200169 4500 | ||
|---|---|---|---|
| 003 | NUST | ||
| 005 | 20221227130754.0 | ||
| 040 | _cNust | ||
| 082 | _a355.02,TZU | ||
| 100 |
_aTzu , Sun _990541 |
||
| 245 |
_aThe art of war (DNT) / _cSun Tzu, _hTranslation By Ralph D. Sawayer |
||
| 260 |
_aServices Book Club _bRawalpindi _c2011 |
||
| 300 | _a375 p.; | ||
| 505 | _aA Note on the Translation and Pronunciation (Page-21), Chronology of Approximate (Page-25), Introduction (Page-77), Initial Estimation (Page-165), Waging War (Page-171), Military Disposition (Page-181), Strategic Military Power (Page-185), Vacuity and Substance (Page-189), Military Combat (Page-195), Nine Changes (Page-201), Maneuvering the Army (Page-205), Configuration of Terrain (Page-211), Employing Spies (Page-229), Tomb Text and Lost Writings (Page-235). | ||
| 650 |
_aThe art of war _9106051 |
||
| 942 |
_2ddc _cBK _k355.02,TZU |
||
| 999 |
_c197884 _d197884 |
||